[Event "CRO-chT2"]
[Site "Opatija"]
[Date "1995.??.??"]
[Round "?"]
[White "Prizmic, Miodrag"]
[Black "Letreguilly, Olivier"]
[Result "1-0"]
[WhiteElo "2290"]
[BlackElo "2300"]

1.Nf3 d5 2.g3 Nf6 3.Bg2 c6 4.O-O Bg4 5.Ne5 Bh5 6.d4 e6 7.c4 Nbd7 8.Nc3 Be7
9.Qb3 Qb6 10.Nxd7 Nxd7 11.e4 dxe4 12.Nxe4 Qxb3 13.axb3 e5 14.Be3 O-O 15.dxe5 Nxe5
16.Bxa7 Nd3 17.Bd4 f5 18.Nd2 Be2 19.Rfb1 Rad8 20.Bb6 Rd7 21.Ra7 Ne5 22.f4 Ng4
23.Nf3 Rfd8 24.Re1 Rd1 25.Ra1 Rxa1 26.Rxa1 Rd1+ 27.Rxd1 Bxd1 28.h3 Nf6 29.Nd4 g6
30.Kf1 Nd7 31.Ba7 Bc5 32.Bxc5 Nxc5 33.b4 Nd3 34.b5 c5 35.Nf3 Nxb2 36.Ne5 b6
37.Nd7 Na4 38.Ke1 Bb3 39.Bd5+ Kg7 40.Kd2 h6 41.h4  1-0

[Event "CRO-chT2"]
[Site "Opatija"]
[Date "1995.??.??"]
[Round "?"]
[White "Biliskov, Vjekoslav"]
[Black "Doric, Nenad"]
[Result "1/2-1/2"]
[WhiteElo "2320"]
[BlackElo "2265"]

1.Nf3 d5 2.g3 c6 3.Bg2 Bg4 4.O-O Nd7 5.d3 e6 6.Nbd2 Bd6 7.e4 Ne7 8.h3 Bh5
9.Qe1 O-O 10.Nh2 Qc7  1/2-1/2

[Event "Orel"]
[Site "Orel"]
[Date "1995.??.??"]
[Round "5"]
[White "Yandemirov, Valeri"]
[Black "Savon, Vladimir A"]
[Result "1/2-1/2"]
[WhiteElo "2525"]
[BlackElo "2390"]

1.Nf3 d5 2.g3 c6 3.Bg2 Bg4 4.O-O Nd7 5.d3 Ngf6 6.Nbd2 e5 7.e4 Bd6 8.c3 O-O
9.Qc2 Re8 10.Re1 h6 11.Nf1 Qc7 12.Nh4 Rad8 13.h3 Be6 14.g4 Bf8 15.Nf5 dxe4
16.dxe4 Nc5  1/2-1/2

[Event "Orel"]
[Site "Orel"]
[Date "1995.??.??"]
[Round "8"]
[White "Yandemirov, Valeri"]
[Black "Lempert, Igor"]
[Result "1/2-1/2"]
[WhiteElo "2525"]
[BlackElo "2510"]

1.Nf3 d5 2.g3 c6 3.Bg2 Bg4 4.O-O Nd7 5.d3 Ngf6 6.Nbd2 e5 7.e4 dxe4 8.dxe4 Bc5
9.c3 a5 10.a4 O-O 11.Qc2 h6 12.Nh4 Qc7 13.Nf5  1/2-1/2

[Event "Pardubice op"]
[Site "Pardubice"]
[Date "1995.??.??"]
[Round "?"]
[White "Kholmov, Ratmir D"]
[Black "Myc, Marcin"]
[Result "1-0"]
[WhiteElo "2445"]
[BlackElo "2305"]

1.Nf3 d5 2.g3 c6 3.Bg2 Bg4 4.O-O Nd7 5.d4 e6 6.Nc3 f5 7.Bf4 Ngf6 8.Ne5 Nxe5
9.Bxe5 Bd6 10.f3 Bh5 11.Qd2 O-O 12.Rae1 Bxe5 13.dxe5 Nd7 14.f4 Qb6+ 15.Kh1 Qxb2
16.Rb1 Qa3 17.Rxb7 Nb6 18.Rb1 Rac8 19.Qd3 Rfd8 20.Nxd5 Qxa2 21.Ne7+ Kf8 22.Qb3 Qa6
23.Nxc6 Qxb7 24.Nxd8 Qd7 25.Nxe6+ Ke7 26.Nxg7 Bf7 27.Qa3+ Kd8 28.Nxf5 Qc7
29.Rd1+ Nd5 30.Rxd5+  1-0

[Event "Pardubice op"]
[Site "Pardubice"]
[Date "1995.??.??"]
[Round "?"]
[White "Gross, Stefan"]
[Black "Ruzele, Darius"]
[Result "0-1"]
[WhiteElo "2350"]
[BlackElo "2505"]

1.Nf3 d5 2.g3 Bg4 3.Bg2 Nd7 4.O-O c6 5.d3 Ngf6 6.Qe1 e5 7.e4 dxe4 8.dxe4 Qc7
9.Nbd2 Be7 10.h3 Bh5 11.Nh4 O-O 12.Nf5 Bc5 13.Nb3 Bb6 14.Kh1 Rfe8 15.Bg5 Bg6
16.Nh4 a5 17.Nxg6 hxg6 18.a4 Nh7 19.Be3 Nhf8 20.Bxb6 Qxb6 21.Qc3 Ne6 22.Rad1 Nec5
23.Nxc5 Nxc5 24.b3 Qb4 25.Qe3 Rad8 26.h4 b6 27.Kh2 Rf8 28.Rfe1 Ne6 29.Bh3 Rxd1
30.Rxd1 Nd4 31.Qd3 Qc5 32.Rd2 Rd8 33.Kg2 Ne6 34.Qe2 Rxd2 35.Qxd2 Nd4 36.c3 Nxb3
37.Qd8+ Kh7 38.Qe8 Qc4 39.h5 Nd2 40.hxg6+ fxg6  0-1

[Event "Paris op"]
[Site "Paris"]
[Date "1995.??.??"]
[Round "?"]
[White "Shchekachev, Andrei"]
[Black "Krivoshey, Sergei"]
[Result "1-0"]
[WhiteElo "2465"]
[BlackElo "2420"]

1.Nf3 d5 2.g3 c6 3.Bg2 Bg4 4.d4 Nd7 5.Nbd2 Ngf6 6.O-O e6 7.Re1 Be7 8.e4 dxe4
9.Nxe4 O-O 10.c3 a5 11.Nxf6+ Bxf6 12.Qb3 Qb6 13.Qxb6 Nxb6 14.Ne5 Bxe5 15.Rxe5 a4
16.Bf1 Rfd8 17.Re1 Nd5 18.Bd2 Rd7 19.c4 Ne7 20.Bc3 Bf3 21.Re3 Bh5 22.Rae1 Nf5
23.Re4 Bg6 24.g4 Nd6 25.Re5 Ne8 26.h3 Nc7 27.Ra5 Rxa5 28.Bxa5 Ne8 29.Bb6 Nd6
30.d5 Nc8 31.dxc6 bxc6 32.Be3 h5 33.Bg2 hxg4 34.hxg4 c5 35.Bc6 Ra7 36.Rd1 Kh7
37.Bb5 a3 38.b4 cxb4 39.Bxa7 Nxa7 40.Ba4 Be4 41.Rd7 Nc6 42.Rb7 Nd4 43.Rxb4 e5
44.c5 Bd5 45.Bd7 g6 46.Ra4 Bxa2 47.Rxa3 Bd5 48.Ra6 Nf3+ 49.Kg2 Ng5+ 50.Kh2 Bc4
51.Rb6  1-0

[Event "Paris op"]
[Site "Paris"]
[Date "1995.??.??"]
[Round "?"]
[White "Horvath, Csaba"]
[Black "Payen, Arnaud"]
[Result "1-0"]
[WhiteElo "2500"]
[BlackElo "2380"]

1.g3 d5 2.Nf3 c6 3.Bg2 Nf6 4.O-O Bf5 5.d3 e6 6.c4 Be7 7.Be3 dxc4 8.dxc4 Qxd1
9.Rxd1 Bxb1 10.Raxb1 a5 11.Rd3 Nbd7 12.Rb3 O-O-O 13.Rd3 Ng4 14.Bd2 Bc5 15.Be1 Bb6
16.Rb3 Kc7 17.h3 Nge5 18.Nxe5 Nxe5 19.c5 Bxc5 20.Bxa5+ b6 21.Bc3 Bd4 22.Be1 Ng6
23.Ra3 Ra8 24.Rd3 Rad8 25.b4 Ne5 26.Ra3 b5 27.e3 Bb6 28.Rc3 Rd3 29.Rxd3 Nxd3
30.Bc3 f6 31.Rd1 Rd8 32.Kf1 Rd6 33.Ke2 Ne5 34.Bxe5 fxe5 35.Rc1 Kb7 36.Be4 h6
37.Rc2 Bd8 38.Rc5 Bf6 39.Rxb5+ Kc7 40.Rc5 Kb6 41.a4  1-0

[Event "Paris op"]
[Site "Paris"]
[Date "1995.??.??"]
[Round "?"]
[White "Feher, Gyula"]
[Black "Wagner, Claude"]
[Result "1/2-1/2"]
[WhiteElo "2420"]
[BlackElo "2405"]

1.Nf3 d5 2.g3 c6 3.Bg2 Bg4 4.Ne5 Bf5 5.d3 e6 6.Nd2 Bd6 7.Nef3 Ne7 8.e4 Bg4
9.O-O O-O 10.Qe1 Nd7 11.b3 b5 12.Bb2 a5 13.a3 b4 14.axb4 axb4 15.Qe3 Bxf3
16.Nxf3 Qb6 17.Qg5 Ng6 18.e5 Bc7 19.d4 c5 20.h4 h6 21.Qe3 Rxa1 22.Rxa1 cxd4
23.Bxd4 Qb8 24.Re1 Rc8 25.Bf1 Ne7  1/2-1/2

[Event "Wch U14 Disney"]
[Site "Paris"]
[Date "1995.??.??"]
[Round "6"]
[White "Aronian, Levon"]
[Black "Einarsson, Bergsteinn"]
[Result "1-0"]
[WhiteElo "2330"]
[BlackElo "2140"]

1.Nf3 d5 2.g3 c5 3.Bg2 Nc6 4.d4 cxd4 5.Nxd4 e5 6.Nxc6 bxc6 7.c4 Bb4+ 8.Bd2 Bxd2+
9.Qxd2 Ne7 10.cxd5 cxd5 11.Nc3 Be6 12.O-O O-O 13.e3 Rb8 14.Na4 Qd6 15.b3 Rfc8
16.Rac1 g6 17.Qa5 a6 18.Nc3 Rc6 19.Rfd1 Rbc8 20.Bf1 Bg4 21.Ne4 Qe6 22.Rxc6 Nxc6
23.Qxd5 Bxd1 24.Qxd1 Rd8 25.Qf3 f5 26.Bc4 Qxc4 27.Nf6+  1-0

[Event "PER-ch43"]
[Site "PER"]
[Date "1995.??.??"]
[Round "7"]
[White "Cruz, Filemon"]
[Black "Robbiano Taboada, Carlo"]
[Result "1/2-1/2"]
[WhiteElo "2405"]
[BlackElo "2285"]

1.Nf3 d5 2.g3 Nf6 3.b3 c5 4.Bg2 Nc6 5.Bb2 Bg4 6.O-O e6 7.e3 Be7 8.h3 Bh5
9.d3 O-O 10.g4 Bg6 11.Nh4 d4 12.e4 Nd7 13.Nxg6 fxg6 14.f4 e5 15.f5 Bg5 16.Nd2 Be3+
17.Kh1 Qh4 18.Nf3 Qh6 19.Bc1 Bxc1  1/2-1/2

[Event "World op"]
[Site "Philadelphia"]
[Date "1995.??.??"]
[Round "1"]
[White "Norwood, David"]
[Black "Andrews, Steven"]
[Result "1-0"]
[WhiteElo "2525"]
[BlackElo "2200"]

1.g3 d5 2.Nf3 Nf6 3.Bg2 c6 4.O-O Bg4 5.d3 e6 6.Nbd2 Be7 7.h3 Bh5 8.b3 O-O
9.Bb2 Nbd7 10.e4 h6 11.Qe2 Re8 12.Kh1 a5 13.a4 Bb4 14.e5 Nh7 15.Rae1 Ng5
16.g4 Nxf3 17.Bxf3 Qh4 18.c3 Qxh3+ 19.Kg1 Bg6 20.cxb4 axb4 21.d4 Nf8 22.Rc1 Bh7
23.Bg2 Qh4 24.f4 Ng6 25.Rf2 Rf8 26.Rcf1 Rae8 27.f5 exf5 28.gxf5 Ne7 29.Rf4 Qg5
30.Rg4  1-0

[Event "World op"]
[Site "Philadelphia"]
[Date "1995.??.??"]
[Round "2"]
[White "Yermolinsky, Alex"]
[Black "Bjornsson, Bjorn Freyr"]
[Result "1-0"]
[WhiteElo "2560"]
[BlackElo "2225"]

1.Nf3 d5 2.g3 Nf6 3.Bg2 Bg4 4.c4 e6 5.Qb3 Qc8 6.Nc3 c6 7.d4 Be7 8.Bf4 Bxf3
9.Bxf3 O-O 10.Rc1 Qd7 11.O-O Na6 12.Rfd1 Bb4 13.a3 Ba5 14.Be5 Nc7 15.Na4 Na6
16.Bxf6 gxf6 17.cxd5 exd5 18.e4 dxe4 19.Bxe4 Rfe8 20.Qf3 Qe7 21.Bd3 Qd6 22.Qf5 b5
23.Nc5 Nxc5 24.dxc5 Qe5 25.Qxh7+ Kf8 26.b4  1-0

[Event "World op"]
[Site "Philadelphia"]
[Date "1995.??.??"]
[Round "5"]
[White "French, George"]
[Black "Einarsson, Bergsteinn"]
[Result "0-1"]
[WhiteElo "2240"]
[BlackElo "2140"]

1.Nf3 d5 2.g3 c5 3.Bg2 Nc6 4.O-O Bf5 5.d4 e6 6.c4 Nf6 7.cxd5 exd5 8.Nc3 Be7
9.Bg5 c4 10.b3 Ne4 11.Nxe4 dxe4 12.Bxe7 Qxe7 13.Nh4 Bd7 14.d5 Na5 15.Qd4 O-O
16.d6 Qd8 17.b4 Nc6 18.Qxe4 Be6 19.b5 Na5 20.Rfd1 Qd7 21.Qe5 Rac8 22.Be4 g6
23.a4 Rfe8 24.Qf6 Bh3 25.Bd5 Be6 26.Nf3 Qd8 27.Qf4 Rc5 28.Bxe6 Rxe6 29.d7 c3
30.Qb4 b6 31.Rac1 Rc4 32.Qa3 Rc7 33.Ng5 Rxe2 34.Qd6 Nb7 35.Qd3 Re7 36.Qf3 Rexd7
37.Rxd7 Rxd7 38.Rxc3 Qxg5 39.Rc8+ Kg7 40.Qc3+ f6 41.Qc6 Nc5 42.Qa8 Rd1+  0-1

[Event "World op"]
[Site "Philadelphia"]
[Date "1995.??.??"]
[Round "9"]
[White "French, George"]
[Black "Andrews, Steven"]
[Result "1-0"]
[WhiteElo "2240"]
[BlackElo "2200"]

1.Nf3 d5 2.g3 Nf6 3.Bg2 Bf5 4.c4 c6 5.cxd5 cxd5 6.Qb3 Qd7 7.Ne5 Qc7 8.Nc3 e6
9.d4 a6 10.Bf4 Bd6 11.Qa4+ Nc6 12.Nb5 Qb8 13.Nxd6+ Qxd6 14.Nxf7 Qb4+ 15.Qxb4 Nxb4
16.Nxh8 Nc2+ 17.Kd2 Nxd4 18.Be5 Nc6 19.Bxf6 gxf6 20.h3 h6 21.g4 Bh7 22.h4 Ke7
23.g5 Rxh8 24.gxh6 Ne5 25.Rag1 Rc8 26.Bxd5  1-0

[Event "Pinneberg op"]
[Site "Pinneberg"]
[Date "1995.??.??"]
[Round "5"]
[White "Rabeler, Gert"]
[Black "Putzbach, Gerd"]
[Result "1-0"]
[WhiteElo "2335"]
[BlackElo "2260"]

1.Nf3 d5 2.g3 g6 3.Bg2 Bg7 4.O-O e5 5.d3 Ne7 6.Nbd2 a5 7.e4 c6 8.Re1 Qc7
9.Qe2 Nd7 10.d4 f6 11.dxe5 fxe5 12.exd5 cxd5 13.c4 O-O 14.cxd5 Nxd5 15.Nc4 Nb4
16.a3 Nc6 17.Be3 b5 18.Rac1 Ba6 19.Nxa5 Qxa5 20.Rxc6 Bb7 21.Bd2 Qd8 22.Rc2 Rc8
23.Rxc8 Qxc8 24.Ng5 Bxg2 25.Kxg2 h6 26.Ne4 Qc6 27.Kg1 Nb6 28.Rc1 Qd7 29.b3 Ra8
30.Bb4 Nd5 31.Bc5 Rc8 32.Rd1 Qc6 33.a4 bxa4 34.Qc4 Rd8 35.Qxa4 Qe6 36.Qc4 Rd7
37.Nc3 e4 38.Nxd5 Kh8 39.Bd4 e3 40.Bxg7+ Rxg7 41.Nxe3 Qb6 42.h4 h5 43.b4 Kh7
44.Rd5 Rb7 45.b5 Rc7 46.Qe4 Kh6 47.Qd4 Rc1+ 48.Nf1 Qxd4 49.Rxd4 Rb1 50.Rd5 Kg7
51.Kg2 Kf6 52.Rd6+ Kg7 53.b6 Kf7 54.Ne3 Rb2 55.Nd5 Rb5 56.Nf4 g5 57.hxg5 Rxg5
58.Rd5 Rg8 59.Rxh5 Kf6 60.b7 Rb8  1-0

[Event "Polanica Zdroj op"]
[Site "Polanica Zdroj"]
[Date "1995.??.??"]
[Round "6"]
[White "Lamza, Zenon"]
[Black "Jaracz, Pawel"]
[Result "1/2-1/2"]
[WhiteElo "2280"]
[BlackElo "2395"]

1.Nf3 d5 2.g3 c6 3.Bg2 Bg4 4.d4 Nd7 5.O-O e6 6.Nbd2 f5 7.c4 Bd6 8.b3 Ngf6
9.Bb2 O-O 10.Ne5 Bh5 11.Ndf3 Qe7 12.Qc2 Ng4 13.Nxd7 Qxd7 14.e3 Rae8 15.a4 Qe7
16.Qc1 g5  1/2-1/2

[Event "Polanica Zdroj op"]
[Site "Polanica Zdroj"]
[Date "1995.??.??"]
[Round "7"]
[White "Jasnikowski, Zbigniew"]
[Black "Bernard, Ryszard"]
[Result "1-0"]
[WhiteElo "2425"]
[BlackElo "2350"]

1.Nf3 d5 2.g3 Nf6 3.Bg2 c6 4.O-O Bf5 5.d4 h6 6.b3 e6 7.Bb2 Nbd7 8.c4 Be7
9.Nc3 O-O 10.Nd2 Qb6 11.Re1 Rfd8 12.e3 Bd3 13.Rc1 Qa5 14.a3 Re8 15.e4 Bxe4
16.Ncxe4 dxe4 17.Nxe4 Nxe4 18.Rxe4 Nf6 19.Re3 Rad8 20.Qe2 Rd7 21.d5 cxd5
22.cxd5 Qd8 23.dxe6 fxe6 24.Qc4 Rd1+ 25.Re1 Rxc1 26.Rxc1 Nd5 27.Rd1 Kh8 28.Bxd5 exd5
29.Rxd5 Qb6 30.Rd7 Bf6 31.Bxf6 Qxf6 32.Qf7 Re1+ 33.Kg2 Qe5 34.Qg6 Qe4+ 35.Qxe4 Rxe4
36.Rxb7 a5 37.Rb5 a4 38.b4  1-0

[Event "POR-ch"]
[Site "POR"]
[Date "1995.??.??"]
[Round "11"]
[White "Reis, Luis Sousa"]
[Black "Santos, Carlos P"]
[Result "0-1"]
[WhiteElo "2175"]
[BlackElo "2310"]

1.Nf3 d5 2.g3 c5 3.Bg2 Nc6 4.O-O e6 5.d3 Bd6 6.e4 Nge7 7.Nc3 d4 8.Ne2 e5
9.Nd2 Be6 10.f4 f6 11.Kh1 Qd7 12.Ng1 O-O-O 13.Rf2 Kb8 14.a3 Nc8 15.Qf1 g5
16.f5 Bf7 17.h3 b5 18.Bf3 Nb6 19.Be2 h5 20.b3 h4 21.g4 Kc7 22.Ngf3 Ra8 23.Ne1 Rhc8
24.Ndf3 Rg8 25.Ng2 a5 26.Bd2 a4 27.bxa4 Nxa4 28.Qc1 Nc3 29.Bxc3 dxc3 30.Qe1 b4
31.axb4 cxb4 32.Rf1 Bc5 33.Rxa8 Rxa8 34.Ngxh4 gxh4 35.Qxh4 Qd8 36.Qg3 Nd4
37.Bd1 Ra1  0-1

[Event "Porto San Giorgio op"]
[Site "Porto San Giorgio"]
[Date "1995.??.??"]
[Round "?"]
[White "Bellomo, Francesco"]
[Black "Tribuiani, Renato"]
[Result "1-0"]
[WhiteElo "2375"]
[BlackElo "2110"]

1.Nf3 d5 2.g3 Bg4 3.Bg2 Bxf3 4.Bxf3 Nf6 5.c4 c6 6.O-O e6 7.b3 Nbd7 8.Bb2 Be7
9.d4 O-O 10.Nd2 Bb4 11.Bg2 Qa5 12.Nb1 Qd8 13.a3 Bd6 14.Nc3 Re8 15.Re1 Bf8
16.e4 Nxe4 17.Nxe4 dxe4 18.Rxe4 Nf6 19.Re2 Qb6 20.Qc2 Red8 21.Rae1 Rac8 22.h3 a6
23.b4 Qc7 24.Qb3 Rd7 25.a4 Qb6 26.Bc3 Qd8 27.a5 g6 28.Qb2 Bg7 29.Kh2 h5 30.Rd2 Ne8
31.Red1 Nd6 32.Qb3 Nf5 33.Qb2 Qc7 34.Kg1 Rcd8 35.Be4 Nd6 36.Bd3 Ne8 37.Bf1 Qb8
38.Bg2 Qc7 39.Qb3 Nd6 40.Bb2 Nf5 41.d5 Bxb2 42.Qxb2 cxd5 43.cxd5 exd5 44.Rxd5 Rxd5
45.Rxd5 Rxd5 46.Bxd5 Ne7 47.Bf3 Nc6 48.Qc3 Qd6 49.Bxc6 bxc6 50.Qc4 Kg7 51.h4 Kg8
52.Qxa6 Qxb4 53.Qb6 Qa4 54.a6 Kg7 55.a7 Qd1+ 56.Kh2 Qa1 57.Qc5 Qa6 58.Qe5+ Kh7
59.Qe7  1-0

[Event "Portoroz op"]
[Site "Portoroz"]
[Date "1995.??.??"]
[Round "?"]
[White "Velickovic, Zoran"]
[Black "Toefferl, Heimo"]
[Result "0-1"]
[WhiteElo "2300"]
[BlackElo "2165"]

1.Nf3 d5 2.g3 c5 3.Bg2 Nc6 4.d4 Nf6 5.O-O Bg4 6.Ne5 h5 7.Nxg4 hxg4 8.dxc5 Qd7
9.Bg5 O-O-O 10.c4 Qf5 11.Bxf6 gxf6 12.cxd5 Qh7 13.h3 gxh3 14.Bf3 e5 15.Kh2 e4
16.Bh1 Ne5 17.f3 Rg8 18.Nc3 Qg6 19.Rg1 Bxc5 20.Nxe4 Bxg1+ 21.Qxg1 Rxd5 22.Rc1+ Kb8
23.Rc5 Rgd8 24.Rxd5 Rxd5 25.Qe3 Qf5 26.Nf2 Qc2 27.Nxh3 Qxb2 28.Nf4 Rd8 29.Bg2 Qxa2
30.Bh3 Qd2 31.Qc5 Nxf3+ 32.Kg2 Nh4+ 33.Kh2 Ng6  0-1

[Event "CZE Tschechien-ch"]
[Site "Prague"]
[Date "1995.??.??"]
[Round "?"]
[White "Freisler, Pavel"]
[Black "Cech, Pavel"]
[Result "1-0"]
[WhiteElo "2345"]
[BlackElo "2360"]

1.Nf3 d5 2.g3 Nf6 3.Bg2 e6 4.O-O Be7 5.d4 O-O 6.c4 dxc4 7.Qc2 a6 8.Qxc4 b5
9.Qc2 Bb7 10.Bg5 Nbd7 11.Bxf6 Nxf6 12.Nbd2 Rc8 13.Nb3 Be4 14.Qc3 Nd5 15.Qc1 c5
16.dxc5 Qc7 17.Qd2 Bxc5 18.Rac1 Qd6 19.Nxc5 Rxc5 20.Qd4 Rxc1 21.Rxc1 Qb4
22.Qxb4 Nxb4 23.a3 Nc6 24.Nd2 Bxg2 25.Kxg2 Rc8 26.Nb3 Ne7 27.Rxc8+ Nxc8 28.Nc5 a5
29.Nb7 a4 30.Kf3 Kf8 31.Ke4 Ke7 32.Kd4 Kd7 33.Kc5 Kc7 34.Na5 Nd6 35.f3 h5
36.e4 g5 37.e5 Nf5 38.Nc6 h4 39.gxh4 gxh4 40.Kxb5 h3 41.f4 Kd7 42.Nb4 Nd4+
43.Kxa4 Ne2 44.Nd3 Kc6 45.b4 Kd5 46.b5 Kc4 47.b6  1-0

[Event "CZE Tschechien-ch"]
[Site "Prague"]
[Date "1995.??.??"]
[Round "?"]
[White "Freisler, Pavel"]
[Black "Meduna, Eduard"]
[Result "0-1"]
[WhiteElo "2345"]
[BlackElo "2445"]

1.Nf3 d5 2.g3 c6 3.Bg2 Bg4 4.c4 e6 5.cxd5 Bxf3 6.Bxf3 cxd5 7.O-O Nf6 8.Nc3 Nc6
9.d4 Be7 10.b3 O-O 11.Bb2 Rc8 12.Rc1 Qa5 13.a3 b5 14.e4 dxe4 15.Nxe4 Nd5
16.Nc5 b4 17.axb4 Qxb4 18.Nd3 Qb5 19.Be2 Qb6 20.Ne5 Rfd8 21.Nxc6 Rxc6 22.Rxc6 Qxc6
23.Bc4 Bf6 24.Qe2 Qb6 25.Rd1 g6 26.Qe4 h5 27.Rd3 Qa5 28.Rf3 Bg7 29.Qe2 Qb4
30.h4 Qb6 31.Qe4 Ne7 32.Rd3 Nf5 33.g4 Nd6 34.Qe2 hxg4 35.d5 e5 36.Bxe5 Bxe5
37.Qxe5 Nxc4 38.Qg5 Nd6 39.h5 Qxf2+  0-1

[Event "Prague Bohemians"]
[Site "Prague"]
[Date "1995.??.??"]
[Round "5"]
[White "Thoma, Robert"]
[Black "Trichkov, Vasil"]
[Result "1/2-1/2"]
[WhiteElo "2285"]
[BlackElo "2415"]

1.Nf3 d5 2.g3 Nf6 3.Bg2 c6 4.d4 Bf5 5.Nbd2 h6 6.c4 e6 7.Qb3 Qb6 8.c5 Qxb3
9.axb3 g5 10.Ne5 Bg7 11.Ra4 Nfd7 12.f4 f6 13.Nxd7 Nxd7 14.e4 dxe4 15.Bxe4 Bh3
16.Nc4 Ke7 17.Na5 f5 18.Bc2 Bg2 19.Rg1 Bd5 20.Nxb7 Rhb8 21.Na5 g4 22.Be3 h5
23.Nc4 Bxc4 24.bxc4 Rxb2 25.Kd1 a6 26.Kc1 Rbb8 27.Re1 Nf6 28.d5 cxd5 29.Bd4 Kf7
30.Bxf6 Bxf6 31.cxd5 exd5 32.Bxf5 Rb3 33.Ra2 Rc3+ 34.Rc2 d4 35.c6 Ra7 36.Rxc3 dxc3
37.Be6+ Kg7 38.Bc8 Rc7 39.Bb7 a5 40.Kc2 Bd4 41.Re4 Bg1 42.Re2 Bd4 43.Kb3 Bf6
44.Ra2 h4 45.Rxa5 hxg3 46.hxg3 Kf7 47.Rd5 Ke6 48.Rd7  1/2-1/2

[Event "CZE Moravia-ch (Women)"]
[Site "Prerov"]
[Date "1995.??.??"]
[Round "3"]
[White "Belunkova, A."]
[Black "Fuksikova, I."]
[Result "1-0"]
[WhiteElo "1680"]
[BlackElo "1620"]

1.Nf3 d5 2.g3 Nc6 3.d4 Nf6 4.Bg2 g6 5.O-O Bg7 6.Nbd2 O-O 7.c4 e6 8.a3 a5
9.cxd5 exd5 10.Nb3 b6 11.e3 Ba6 12.Re1 Rc8 13.Bh3 Ra8 14.Qc2 Nb8 15.Nbd2 Bb7
16.b3 Nbd7 17.Bb2 c5 18.Rac1 Rc8 19.dxc5 Rxc5 20.Qd3 Re8 21.Bd4 Rxc1 22.Rxc1 Nf8
23.Ne5 Ne4 24.Nef3 Bxd4 25.Nxd4 Qf6 26.Nxe4 dxe4 27.Qc2 Qd6 28.Nb5 Qd3 29.Bf1 Qxc2
30.Rxc2 Ne6 31.Nd6 Re7 32.Bb5 Rc7 33.Rxc7 Nxc7 34.Bc4 Bd5 35.Bxd5 Nxd5 36.Nxe4 Kf8
37.Nd2 b5 38.a4 bxa4 39.bxa4 Nb6 40.Nb3 Nxa4 41.Nxa5 Nc5 42.Nc6 Kg7 43.h4 h5
44.Kg2 f5 45.Ne5 Kf6 46.Nf3 Ne4 47.Kf1 Ke6 48.Nd4+ Kf6 49.Kg2 Nc5 50.Nf3 Ne4
51.Nh2 Ke6 52.f3 Nf6 53.Kh3 Nd5 54.Nf1 Ke5 55.Kg2 Nf6 56.Kf2 Kd5 57.Nd2 Ke5
58.Ke2 Ke6 59.Kd3 Kd5 60.e4+ fxe4+ 61.fxe4+ Ke5 62.Nf3+ Ke6 63.Ke3 Nh7 64.Kf4 Kd6
65.Ng5 Nf8 66.Nf3 Nh7 67.Nd4 Kc5 68.Ke5 Kc4 69.Ne6 Kd3 70.Nf4+ Ke3 71.Nxg6 Kf3
72.Kf5  1-0

[Event "CZE Moravia-ch (Women)"]
[Site "Prerov"]
[Date "1995.??.??"]
[Round "8"]
[White "Belunkova, A."]
[Black "Korinkova, G."]
[Result "1/2-1/2"]
[WhiteElo "1680"]
[BlackElo "1890"]

1.Nf3 d5 2.g3 Nc6 3.d4 Nf6 4.Bg2 Bg4 5.Nbd2 e6 6.e3 Bd6 7.O-O Qd7 8.Qe1 O-O-O
9.c4 dxc4 10.Nxc4 Bb4 11.Bd2 Bxd2 12.Qxd2 Ne4 13.Qc1 f6 14.Ncd2 Nxd2 15.Nxd2 e5
16.Bxc6 Qxc6 17.Qxc6 bxc6 18.Nb3 e4 19.Rfc1 Rd6 20.Rc5 Bd7 21.Na5 Re8 22.Rac1 Ree6
23.R5c3 h5 24.b4 a6 25.a4 Kb8 26.Nb3 Re8 27.Nc5 Bc8 28.Nb3 Ree6 29.Nc5  1/2-1/2

[Event "Ptuj zt (Women)"]
[Site "Ptuj"]
[Date "1995.??.??"]
[Round "6"]
[White "Heinatz, Gundula"]
[Black "Olbrich, Marina"]
[Result "1/2-1/2"]
[WhiteElo "2220"]
[BlackElo "2280"]

1.Nf3 d5 2.g3 c6 3.Bg2 Nf6 4.d3 Bf5 5.Nbd2 Nbd7 6.O-O e5 7.Re1 Bc5 8.e4 dxe4
9.dxe4 Be6 10.h3 h6 11.Qe2 g5 12.Nf1 g4 13.hxg4 Nxg4 14.Be3 Nxe3 15.Nxe3 Qf6
16.c3 h5 17.b4 Bb6 18.Nh4 Bg4 19.Qc4 O-O-O 20.a4 Bxe3 21.Rxe3 Nb6 22.Qf1 Rd2
23.Rd3 Rxd3 24.Qxd3 Rd8 25.Qf1 Rd2 26.Nf5 Bxf5 27.exf5 h4 28.gxh4 Qxh4 29.b5 Nd5
30.bxc6 Nf4 31.cxb7+ Kb8 32.Re1 f6 33.Rd1 Rxd1 34.Qxd1 Nxg2 35.Qd7 Qc4 36.Kxg2 Qg4+
37.Kf1 Qc4+ 38.Ke1 Qxc3+ 39.Ke2 Qb2+ 40.Ke3 Qb3+ 41.Ke4 Qc4+ 42.Ke3 Qc1+
43.Ke4 Qc4+ 44.Kf3 Qf4+ 45.Ke2 Qe4+ 46.Kd2 Qb4+  1/2-1/2

[Event "Ptuj"]
[Site "Ptuj"]
[Date "1995.??.??"]
[Round "8"]
[White "Hulak, Krunoslav"]
[Black "Petrosian, Arshak B"]
[Result "1/2-1/2"]
[WhiteElo "2545"]
[BlackElo "2435"]

1.Nf3 d5 2.g3 Nf6 3.Bg2 c6 4.d3 Bg4 5.Nbd2 Nbd7 6.h3 Bxf3 7.Bxf3 e5 8.e4 dxe4
9.dxe4 Bc5 10.O-O O-O 11.a4 a5 12.Qe2 Qe7 13.Nc4  1/2-1/2

[Event "Reykjavik TV rapid"]
[Site "Reykjavik"]
[Date "1995.??.??"]
[Round "3"]
[White "Hjartarson, Johann"]
[Black "Stefansson, Hannes"]
[Result "1-0"]
[WhiteElo "2590"]
[BlackElo "2530"]

1.Nf3 d5 2.g3 c6 3.Bg2 Bg4 4.b3 Nd7 5.Bb2 Ngf6 6.O-O e6 7.c4 Bd6 8.d3 O-O
9.Nbd2 a5 10.a3 Qe7 11.Qc2 e5 12.e4 dxe4 13.dxe4 Bc5 14.h3 Bxf3 15.Nxf3 Rfd8
16.Kh2 Bd6 17.Rfd1 Nc5 18.Nh4 g6 19.b4 axb4 20.axb4 Rxa1 21.Bxa1 Ncd7 22.c5 Bc7
23.Nf3 Ra8 24.Bb2 b6 25.cxb6 Bxb6 26.Qxc6 Rb8 27.Qc2 Ba7 28.Ba3 Nb6 29.Qd3 Na4
30.Rd2 Qc7 31.Rc2 Qe7 32.Qa6 Nb6 33.b5 Qd7 34.Rd2 Qb7 35.Rd8+  1-0

[Event "Reykjavik Olafsson"]
[Site "Reykjavik"]
[Date "1995.??.??"]
[Round "8"]
[White "Olafsson, Fridrik"]
[Black "Polgar, Sofia"]
[Result "1/2-1/2"]
[WhiteElo "2465"]
[BlackElo "2485"]

1.Nf3 d5 2.g3 c6 3.Bg2 Nf6 4.d3 Bf5 5.O-O h6 6.Nbd2 e6 7.Qe1 Be7 8.e4 Bh7
9.Qe2 a5 10.Rd1 a4 11.a3 O-O 12.e5 Nfd7 13.Nf1 c5 14.h4 Nc6 15.Bf4 Re8 16.N1h2 f6
17.exf6 Bxf6 18.Ng4 e5 19.Be3 e4 20.dxe4 Bxe4 21.c3 Na5 22.Re1 Qb6 23.Rad1 Rad8
24.Bxh6 gxh6 25.Nxh6+ Kg7 26.Qd2 Be7 27.Rxe4 dxe4 28.Nf5+ Kh8 29.Qf4 exf3
30.Rd6 Qxd6 31.Nxd6 Bxd6 32.Qh6+ Kg8 33.Qg6+ Kh8 34.Qh6+ Kg8 35.Bxf3 Nb6
36.Qg6+ Kh8 37.Qf6+ Kg8 38.Qg5+ Kh8 39.Qh6+ Kg8 40.Bg4 Nc6 41.Qg6+ Kf8  1/2-1/2

[Event "Riga zt"]
[Site "Riga"]
[Date "1995.??.??"]
[Round "4"]
[White "Kengis, Edvins"]
[Black "Zapolskis, Antanas"]
[Result "1-0"]
[WhiteElo "2575"]
[BlackElo "2360"]

1.Nf3 d5 2.g3 c6 3.Bg2 Nf6 4.O-O Bg4 5.b3 Nbd7 6.Bb2 e6 7.c4 Bd6 8.d4 O-O
9.Nbd2 Qe7 10.a3 Rfd8 11.Re1 Bf5 12.Nh4 Bg4 13.Qc1 Rac8 14.e4 dxe4 15.Nxe4 Nxe4
16.Rxe4 Nf6 17.Re3 Qc7 18.Bc3 Be7 19.h3 Bh5 20.Qe1 Rd7 21.a4 Ne8 22.d5 cxd5
23.cxd5 Rcd8 24.Rc1 Bxh4 25.gxh4 Qf4 26.Re4 Qb8 27.Re5 Nf6 28.Rg5 h6 29.Be5 Qa8
30.Rg3 Nxd5 31.Rxg7+ Kf8 32.Bxd5 Rxd5 33.Qb4+ R8d6 34.Rh7  1-0

[Event "Tal mem"]
[Site "Riga"]
[Date "1995.??.??"]
[Round "6"]
[White "Kengis, Edvins"]
[Black "Ehlvest, Jaan"]
[Result "1/2-1/2"]
[WhiteElo "2575"]
[BlackElo "2615"]

1.Nf3 d5 2.g3 g6 3.c4 dxc4 4.Qa4+ Nc6 5.Qxc4 Bg7 6.Bg2 e5 7.d3 Nge7 8.Nc3 h6
9.Bd2 Be6 10.Qa4 a5 11.O-O O-O 12.Rac1 Nd4 13.Rfe1 Kh8 14.Qa3 Ndc6 15.Qa4 Nd4
16.Qa3 Ndc6 17.Qa4  1/2-1/2

[Event "Ringsted op"]
[Site "Ringsted"]
[Date "1995.??.??"]
[Round "?"]
[White "Hartvig, Ove Weiss"]
[Black "Nielsen, Carsten"]
[Result "1-0"]
[WhiteElo "2260"]
[BlackElo "2285"]

1.Nf3 d5 2.g3 Nf6 3.Bg2 c5 4.O-O Nc6 5.d3 e6 6.Nbd2 Be7 7.e4 O-O 8.Re1 Qc7
9.e5 Nd7 10.Qe2 b6 11.c3 Bb7 12.h4 Rac8 13.Nf1 Rfe8 14.Bf4 Nf8 15.h5 h6 16.N1h2 Nh7
17.Qd2 Qd8 18.g4 b5 19.Kh1 d4 20.c4 bxc4 21.dxc4 Ba8 22.Re2 Rb8 23.Ne1 a5
24.Nd3 a4 25.Rg1 Rb6 26.Nf3 Nb4 27.Nc1 Bb7 28.Kh2 Qa8 29.Ne1 Bg5 30.Bxg5 hxg5
31.a3 Nc6 32.Ncd3 Qb8 33.Nxc5 Nxe5 34.Kh3 Bxg2+ 35.Rxg2 Nxc4 36.Qxd4 Nxb2
37.Nd7 Rb3+ 38.f3 Qb5 39.Rxb2 Rxb2 40.Rxb2 Qf1+ 41.Ng2 Qxf3+ 42.Kh2 Qxa3
43.Rb7 Qf3 44.Ra7 Qe2 45.Kg3 Qb5 46.Ne5 Qb8 47.Kf3 Rf8 48.Nd7 Qb3+ 49.Ne3 Re8
50.Ne5 Rf8 51.Nd7 Re8 52.Qd6 Qc3 53.Rc7 Qa1 54.Ne5 Rf8 55.Nc6 a3 56.Ra7 a2
57.Ne7+ Kh8 58.Qa3 Qf6+ 59.Ke2 Rb8 60.Rb7 a1=Q 61.Rxb8+ Nf8 62.Rxf8+  1-0

[Event "Ringsted op"]
[Site "Ringsted"]
[Date "1995.??.??"]
[Round "1"]
[White "Jacobsen, Bo"]
[Black "Pedersen, Daniel Vesterbaek"]
[Result "1-0"]
[WhiteElo "2265"]
[BlackElo "2245"]

1.Nf3 d5 2.g3 c6 3.Bg2 Bg4 4.d3 Nd7 5.h3 Bh5 6.O-O e6 7.e4 Bc5 8.Qe2 Ne7
9.Bg5 dxe4 10.dxe4 f6 11.Bd2 e5 12.b4 Bb6 13.Na3 O-O 14.Rfd1 Qc7 15.Nc4 Rfd8
16.a4 a6 17.Nxb6 Qxb6 18.a5 Qc7 19.Be3 Bf7 20.Rd2 c5 21.Rad1 cxb4 22.Ne1 Nc6
23.Qg4 h5 24.Qf5 g6 25.Qf3 Nxa5 26.Bf1 b5 27.g4 hxg4 28.Rd6 Be6 29.hxg4 Kf7
30.g5 f5 31.exf5 Bxf5 32.Rxd7+ Rxd7 33.Rxd7+ Qxd7 34.Qxa8 Qb7 35.Qd8 Nc4
36.Qf6+ Kg8 37.Bg2 Qf7 38.Qxa6 Nxe3 39.fxe3 Qc4 40.Qa8+ Kg7 41.Qb7+  1-0